NETLAB: Algorithms for pattern recognition
Shranjeno v:
| Glavni avtor: | |
|---|---|
| Format: | Knjiga |
| Jezik: | Undetermined |
| Izdano: |
London, Eng
Springer
2002
|
| Teme: | |
| Oznake: |
Označite
Brez oznak, prvi označite!
|
| Thư viện lưu trữ: | Trung tâm Học liệu Trường Đại học Cần Thơ |
|---|
| LEADER | 00494nam a2200181Ia 4500 | ||
|---|---|---|---|
| 001 | CTU_58779 | ||
| 008 | 210402s9999 xx 000 0 und d | ||
| 020 | |b 54 | ||
| 082 | |a 006.4 | ||
| 082 | |b N113 | ||
| 100 | |a Ian T. Nabney | ||
| 245 | 0 | |a NETLAB: Algorithms for pattern recognition | |
| 260 | |a London, Eng | ||
| 260 | |b Springer | ||
| 260 | |c 2002 | ||
| 650 | |a computer algorithms,pattern recognition systems | ||
| 904 | |i Minh | ||
| 980 | |a Trung tâm Học liệu Trường Đại học Cần Thơ | ||